| 000 | 00375nam a22001217a 4500 | ||
|---|---|---|---|
| 082 |
_a297 _bSafdar _cMasjid |
||
| 100 |
_aعلامه سرفراز خان صفدر رحمة الله علیه _951158 |
||
| 245 | _aالکلام المفید | ||
| 260 |
_aGojaranwala _bMuktaba Safdariah _c2011 |
||
| 300 | _a341 | ||
| 526 |
_a0 _b0 _c0 _d297_000000000000000_SAFDAR |
||
| 942 |
_2ddc _cBK |
||
| 999 |
_c553919 _d553919 |
||